| 000 | 00900nmm a2200277 a 4500 | ||
|---|---|---|---|
| 001 | ocm0002347501 | ||
| 003 | TR-IsHL | ||
| 005 | 20201028185417.0 | ||
| 008 | 190817s2018 tu tur | ||
| 007 | cr cn | ||
| 020 | _a9786052082089 | ||
| 035 |
_a2347501 _b(N$T) |
||
| 050 | 0 | 4 |
_aPL248.G8683 _bN37 2018 |
| 090 | 0 | 4 |
_aPL248.G8683 _bN37 2018 |
| 100 | 1 | _aGümüştekin, Abdürrahim | |
| 245 | 1 | 0 |
_aNar renginde bir iklim _h[electronic resource] / _cAbdürrahim Gümüştekin |
| 250 | _aBirinci Baskı | ||
| 260 |
_aİstanbul : _bCeren Kültür Yayınları , _c2018 |
||
| 300 | _a279 p. | ||
| 650 | 4 | _aDil ve Edebiyat | |
| 650 | 4 | _aLanguage and Literature | |
| 650 | 0 | _aTürk romanı | |
| 650 | 0 | _aTurkish fiction | |
| 650 | 7 |
_aLITERARY COLLECTIONS / Middle Eastern _2bisacsh |
|
| 856 | 4 | 0 | _uhttp://search.ebscohost.com/login.aspx?direct=true&scope=site&db=e011xww&AN=2347501 |
| 999 |
_c21450 _d21450 |
||